[Event "leite x chocolate"]
[Site "http://www.queenalice.com/game.php?id=317314"]
[Date "2007.12.8"]
[Round "-"]
[White "manica76"]
[Black "GuilhermeEhlers"]
[Result "0-1"]
[WhiteElo "1367"]
[BlackElo "1694"]

1. e4 e5 2. d3 Bc5 3. Na3 Bxa3 4. bxa3 Nf6 5. Bb2 d6 6. g3 O-O 7. Nh3 Nc6 8. c3
d5 9. Bg2 dxe4 10. dxe4 Bxh3 11. Bxh3 Nxe4 12. O-O Ng5 13. Bg2 e4 14. c4 Qd3 15.
Re1 Nf3+ 16. Bxf3 Qxf3 17. Qd7 Rad8 18. Qxc7 Rd2 19. Rf1 e3 20. Qf4 exf2+ 21.
Rxf2 Rxf2 22. Qxf3 Rxf3 23. g4 Rf4 24. h3 Rxc4 25. Re1 Rc2 26. Ba1 Rxa2 27. h4
Rd8 28. h5 Nd4 29. Kf1 Nc2 30. h6 Nxe1 31. Kxe1 Rxa1+ 32. Kf2 Rxa3 33. hxg7 Rd2+
34. Ke1 Rh2 0-1

[Event "Agora vai..."]
[Site "http://www.queenalice.com/game.php?id=336532"]
[Date "2008.1.14"]
[Round "-"]
[White "GuilhermeEhlers"]
[Black "manica76"]
[Result "1-0"]
[WhiteElo "1697"]
[BlackElo "1398"]

1. e4 e5 2. Bc4 Nf6 3. Nc3 Nc6 4. d3 d6 5. h3 Be7 6. Nf3 O-O 7. Nd5 Na5 8. O-O
Nxc4 9. dxc4 Nxe4 10. Qd3 Bf5 11. Re1 c6 12. Nxe7+ Qxe7 13. Bg5 Nxg5 14. Qxf5
Nxf3+ 15. Qxf3 Qe6 16. Qc3 c5 17. b3 b6 18. Rad1 f6 19. Rd3 Rf7 20. Qd2 Rd7 21.
Re4 a6 22. Rg3 d5 23. cxd5 Rxd5 24. Qh6 Ra7 25. Rh4 Rd1+ 26. Kh2 Kf8 27. Qxh7
Rf7 28. Qh8+ Ke7 29. Rxg7 e4 30. Rxf7+ Qxf7 31. Rh7 Rf1 32. Rxf7+ Kxf7 33. Qh7+
Kf8 34. Qxe4 Rxf2 35. Kg3 f5 36. Qd3 c4 37. bxc4 f4+ 38. Kxf2 Kf7 39. g4 a5 40.
g5 a4 41. Qd7+ Kg6 42. Qe7 Kh5 43. Kf3 Kh4 44. g6+ Kxh3 45. Qh7# 1-0

[Event "...lost..."]
[Site "http://www.queenalice.com/game.php?id=369091"]
[Date "2008.3.11"]
[Round "-"]
[White "manica76"]
[Black "GuilhermeEhlers"]
[Result "0-1"]
[WhiteElo "1410"]
[BlackElo "1721"]

1. e4 e5 2. Nf3 Nc6 3. Bc4 Nf6 4. d3 h6 5. O-O Bc5 6. Nc3 Nd4 7. Be3 Nxf3+ 8.
Qxf3 d6 9. Nd5 Ng4 10. Nb6 Qh4 11. h3 Bxb6 12. Qxf7+ Kd8 13. Qxg7 Qf6 14. Qxf6+
Nxf6 15. h4 Ke7 16. g3 Be6 17. Bxb6 axb6 18. a4 Bxc4 19. dxc4 Nxe4 20. Rae1 Nd2
21. b3 Rhf8 22. Re3 Nxf1 23. Kxf1 Rf6 24. Re4 Raf8 25. f4 Kd7 26. b4 exf4 27. g4
f3 28. a5 bxa5 29. bxa5 f2 30. Rd4 Re6 31. c5 Re1+ 32. Kg2 f1=Q+ 33. Kg3 Qg1+
34. Kh3 Re3# 0-1

[Event "AUTO-OPEN-810"]
[Site "http://www.queenalice.com/game.php?id=369485"]
[Date "2008.3.12"]
[Round "2"]
[White "evasion"]
[Black "GuilhermeEhlers"]
[Result "1-0"]
[WhiteElo "1900"]
[BlackElo "1716"]

1. d4 d6 2. e4 Nf6 3. Nc3 e6 4. Nf3 d5 5. e5 Ne4 6. Nxe4 dxe4 7. Nd2 Qxd4 8. Bc4
Qxe5 9. Qe2 Bb4 10. c3 Bc5 11. Nxe4 O-O 12. f4 Qf5 13. g4 Qg6 14. Nxc5 b6 15.
Qf3 c6 16. Nd3 Ba6 17. Bxa6 Nxa6 18. Bd2 Rad8 19. Ne5 Qc2 20. Bc1 c5 21. O-O f6
22. Nc4 Rd3 23. Qf2 Qa4 24. b3 Qd7 25. Bb2 b5 26. Ne3 Rd2 27. Rfd1 Rxf2 28. Rxd7
Rxb2 29. Rxa7 Nb8 30. Rb7 Re2 31. Ng2 Rc2 32. Rxb5 Rxc3 33. a4 Nc6 34. a5 Nd4
35. Rb6 Nxb3 36. Ra3 Rc1+ 37. Kf2 Nxa5 38. Rxa5 Rc8 39. Rbb5 c4 40. Rc5 Rd8 41.
Ra7 c3 42. Re7 Kf8 43. Rxe6 Kf7 44. Re2 Kg6 45. Ne3 Rd2 46. Nd5 Rxe2+ 47. Kxe2
Rc2+ 48. Kf3 Rxh2 49. Rxc3 Rh3+ 50. Kg2 Rxc3 51. Nxc3 h5 52. Kg3 hxg4 53. Kxg4
f5+ 54. Kh4 Kf6 55. Nd5+ Kg6 56. Ne3 Kf6 57. Kh5 g6+ 58. Kh6 Kf7 59. Kg5 Kg7 60.
Nd5 Kh7 61. Nb6 Kg7 62. Nc4 Kf7 63. Ne5+ Kg7 64. Nxg6 1-0

[Event "AUTO-OPEN-810"]
[Site "http://www.queenalice.com/game.php?id=369486"]
[Date "2008.3.12"]
[Round "2"]
[White "GuilhermeEhlers"]
[Black "evasion"]
[Result "0-1"]
[WhiteElo "1749"]
[BlackElo "1875"]

1. e4 c5 2. Bc4 e6 3. Nf3 Nc6 4. d3 Nf6 5. e5 Ng4 6. Qe2 Qc7 7. Bf4 d5 8. Bb5
Qa5+ 9. Nc3 d4 10. Bxc6+ bxc6 11. Ng5 Nh6 12. Qf3 Bd7 13. O-O dxc3 14. bxc3 Qxc3
15. Rac1 Be7 16. Ne4 Qb2 17. Bxh6 gxh6 18. Nd6+ Bxd6 19. exd6 Qd4 20. Qg3 O-O-O
21. c3 Qd5 22. Rfe1 Rhg8 23. c4 Qd4 24. Re4 Rxg3 25. Rxd4 Rxg2+ 26. Kxg2 cxd4
27. c5 e5 28. Kf3 f5 29. Rg1 Be6 30. Rg7 Rd7 31. Rg1 Bxa2 32. Ra1 Bd5+ 33. Kg3
Rg7+ 34. Kh4 Kb7 35. Kh5 Rf7 36. Re1 e4 37. dxe4 fxe4 38. Re2 Ka6 39. Kg4 Kb5
40. h4 Kxc5 41. Kh5 Kxd6 42. Kxh6 c5 43. Kg5 c4 44. Kg4 d3 45. Rd2 c3 46. Ra2 c2
47. Ra1 d2 48. Ra2 Bxa2 0-1

[Event "Challenge"]
[Site "http://www.queenalice.com/game.php?id=381706"]
[Date "2008.4.3"]
[Round "-"]
[White "Mike36bh"]
[Black "GuilhermeEhlers"]
[Result "0-1"]
[WhiteElo "1804"]
[BlackElo "1701"]

1. d4 e6 2. a3 Nc6 3. Nf3 Nf6 4. Bf4 Bd6 5. Bg5 h6 6. Bxf6 Qxf6 7. e4 e5 8. dxe5
Bxe5 9. c3 Qf4 10. Bb5 Qxe4+ 11. Be2 O-O 12. Nbd2 Qf5 13. Nc4 d6 14. Ne3 Qf4 15.
Nd5 Qe4 16. O-O Bg4 17. h3 Bxf3 18. Bxf3 Qc4 19. Be2 Qe4 20. Bf3 Qc4 21. b3 Qc5
22. b4 Qc4 23. Be2 Qe4 24. f3 Qh4 25. b5 Ne7 26. Nxe7+ Qxe7 27. Rc1 Qh4 28. Rc2
Qg3 29. Bc4 Qh2+ 30. Kf2 Bg3+ 31. Ke3 Bf4+ 32. Kd3 Rae8 33. Re2 Re5 34. Kc2 Rd8
35. Rg1 Be3 36. Rge1 Rde8 37. Qd3 Bc5 38. f4 Qxf4 39. g3 Qf6 40. a4 Bf2 41. Rxe5
Rxe5 42. Rf1 Rf5 43. g4 Rf3 44. Qd4 Bxd4 0-1

[Event "Challenge"]
[Site "http://www.queenalice.com/game.php?id=388401"]
[Date "2008.4.16"]
[Round "-"]
[White "GuilhermeEhlers"]
[Black "Mike36bh"]
[Result "1-0"]
[WhiteElo "1725"]
[BlackElo "1711"]

1. e4 e5 2. Bc4 Nc6 3. Nf3 h6 4. d3 Bc5 5. Nc3 Nf6 6. O-O d6 7. h3 Qe7 8. Nd5
Nxd5 9. Bxd5 Bd7 10. a3 Be6 11. Bxc6+ bxc6 12. d4 exd4 13. e5 dxe5 14. Nxe5 O-O
15. Nxc6 Qd7 16. Ne5 Qd5 17. Bf4 g5 18. Bh2 Bd6 19. Nf3 g4 20. Nxd4 Bxh2+ 21.
Kxh2 Qe5+ 22. g3 Rad8 23. Re1 Qh5 24. h4 Qc5 25. c3 Qb6 26. Qe2 Rd6 27. Nxe6
Rxe6 28. Qxg4+ Rg6 29. Qe2 f5 30. Rad1 Qf6 31. Rf1 f4 32. Qh5 Kg7 33. Rd7+ Rf7
34. Rxf7+ Qxf7 35. Qe5+ Rf6 36. gxf4 Kh7 37. Kg3 Re6 38. Qd4 Qg6+ 39. Kh3 Qf5+
40. Kh2 Re4 41. Qd3 Qxf4+ 42. Qg3 Qxh4+ 43. Qxh4 Rxh4+ 44. Kg3 Re4 45. f4 Kg6
46. Rh1 Re2 47. Rb1 Kf5 48. Kf3 Re4 49. Rh1 Rxf4+ 50. Ke3 Re4+ 51. Kd3 Re6 52.
Rh5+ Kg6 53. Rb5 a6 54. Rb7 c5 55. Kc4 h5 56. Kxc5 h4 57. c4 h3 58. Rb3 h2 59.
Rh3 Re2 60. Kd5 Kg5 61. c5 Kg4 62. Rh7 Kg3 63. c6 Kg2 64. c7 Rc2 65. Kd6 h1=Q
66. Rxh1 Kxh1 67. Kd7 Rxc7+ 68. Kxc7 Kg2 69. Kb6 Kf2 70. Kxa6 Ke3 71. b4 Kd4 72.
b5 Kc5 73. a4 Kd6 74. b6 Kd7 75. b7 Kc7 76. Ka7 1-0

[Event "Challenge"]
[Site "http://www.queenalice.com/game.php?id=397174"]
[Date "2008.5.2"]
[Round "-"]
[White "Danilo"]
[Black "GuilhermeEhlers"]
[Result "0-1"]
[WhiteElo "1763"]
[BlackElo "1738"]

1. e4 e5 2. Nf3 Nc6 3. Bc4 h6 4. d4 exd4 5. Nxd4 Nxd4 6. Qxd4 Nf6 7. Nc3 Bd6 8.
e5 Qe7 9. O-O Bxe5 10. Qd3 d6 11. Re1 O-O 12. f4 Bd4+ 13. Be3 Bxe3+ 14. Rxe3 Qd8
15. Nd5 Be6 16. Rae1 c6 17. Nxf6+ Qxf6 18. Bxe6 fxe6 19. Rxe6 Qxf4 20. Rf1 Qxf1+
21. Qxf1 Rxf1+ 22. Kxf1 Rf8+ 23. Kg1 d5 24. Re7 Rf7 25. Rxf7 Kxf7 26. Kf2 g5 27.
c3 Kf6 28. Ke3 Ke5 29. g3 b5 30. a3 a5 31. b3 b4 32. cxb4 axb4 33. a4 Kd6 34.
Kd4 c5+ 35. Kd3 Ke5 36. a5 Kd6 37. a6 Kc7 38. h4 Kb6 39. hxg5 hxg5 40. Ke3 Kxa6
41. Kf3 d4 42. Ke4 Kb6 43. Kd3 g4 44. Kc4 Kc6 45. Kd3 Kd5 46. Kc2 Ke4 47. Kd2 d3
48. Kd1 Ke3 49. Ke1 Kd4 50. Kd2 c4 51. bxc4 Kxc4 52. Kd1 b3 53. Kc1 Kc3 54. Kd1
b2 55. Ke1 b1=Q+ 56. Kf2 Kd4 57. Kg2 Ke3 58. Kh2 d2 59. Kg2 d1=Q 0-1

[Event "Challenge"]
[Site "http://www.queenalice.com/game.php?id=397409"]
[Date "2008.5.3"]
[Round "-"]
[White "joaohumberto"]
[Black "GuilhermeEhlers"]
[Result "0-1"]
[WhiteElo "1557"]
[BlackElo "1740"]

1. d4 d5 2. e3 Nf6 3. Nc3 e6 4. Bd3 Bb4 5. Bd2 Nc6 6. a3 Bxc3 7. Bxc3 Ng4 8. Nh3
e5 9. f3 Qh4+ 10. Kd2 Nxe3 11. Kxe3 exd4+ 12. Kd2 dxc3+ 13. bxc3 O-O 14. Re1
Bxh3 15. gxh3 Qxh3 16. Re2 Qxf3 17. Qg1 Rae8 18. Rae1 Qf4+ 19. Kd1 Ne5 20. Qxa7
f6 21. Qxb7 Nf3 22. Rf1 Rxe2 23. Bxh7+ Kxh7 24. Qxd5 Rd2+ 25. Qxd2 Qxd2# 0-1

[Event "Challenge"]
[Site "http://www.queenalice.com/game.php?id=397410"]
[Date "2008.5.3"]
[Round "-"]
[White "GuilhermeEhlers"]
[Black "joaohumberto"]
[Result "0-1"]
[WhiteElo "1755"]
[BlackElo "1506"]

1. e4 d5 2. Nc3 d4 3. Nb5 c5 4. Bc4 Be6 5. Bxe6 fxe6 6. Qh5+ g6 7. Qe5 Nf6 8.
Nc7+ Kf7 9. Qxe6+ Kg7 10. Nxa8 Nc6 11. Nf3 Qxa8 12. Ng5 Nd8 13. d3 Nxe6 14.
Nxe6+ Kf7 15. Nxc5 Qc8 16. Na4 Qxc2 17. b3 Qxd3 18. f3 Nh5 19. Rb1 Qxb1 20. O-O
Qxa2 21. Nc5 Nf4 22. Bxf4 b6 23. Rf2 Qb1+ 24. Rf1 Qc2 25. Nb7 Qxb3 26. Be5 Bg7
27. Bf4 d3 28. Kf2 Bc3 29. Ke3 d2 30. Ke2 Qc2 31. Rd1 Rc8 32. Bxd2 Bxd2 33. Rxd2
Qc4+ 34. Ke3 Rb8 35. Nd8+ Ke8 36. Rd4 Qc1+ 37. Kf2 Qb2+ 38. Kg3 Qxd4 39. Ne6
Qe5+ 0-1

[Event "Challenge"]
[Site "http://www.queenalice.com/game.php?id=400834"]
[Date "2008.5.10"]
[Round "-"]
[White "Claudio_C_A"]
[Black "GuilhermeEhlers"]
[Result "0-1"]
[WhiteElo "1482"]
[BlackElo "1758"]

1. d4 e6 2. h4 Nc6 3. e3 a6 4. c3 e5 5. d5 Nce7 6. Qf3 Nf6 7. d6 cxd6 8. b4 Ned5
9. Nh3 h6 10. e4 Nb6 11. a4 d5 12. exd5 Nbxd5 13. Bc4 Nb6 14. Be2 d6 15. O-O Ng4
16. b5 axb5 17. a5 Nc4 18. a6 Ra7 19. Re1 Qxh4 20. Rd1 bxa6 21. g3 Qxh3 22. Qg2
Qxg2+ 23. Kxg2 Bb7+ 24. Kh3 Nxf2+ 25. Kh2 Nxd1 26. Bxd1 Be7 27. Ra2 O-O 28. Re2
Bf3 29. Re1 Bxd1 30. Rxd1 e4 31. Nd2 d5 32. Nf1 Bc5 33. Rxd5 Bd6 34. Kg2 Rd7 35.
Bf4 Re8 36. Kf2 g5 37. Bc1 Bxg3+ 38. Nxg3 Rxd5 39. Ke1 Red8 40. Ne2 Rd1+ 41. Kf2
R8d3 42. Kg2 Ne3+ 43. Bxe3 Rxe3 44. Nd4 Rd2+ 45. Kf1 Rxc3 46. Ne2 Rd1+ 47. Kf2
Rf3+ 48. Kg2 Rd2 49. Kg1 Rxe2 50. Kh1 Rf1# 0-1

[Event "Challenge"]
[Site "http://www.queenalice.com/game.php?id=404646"]
[Date "2008.5.18"]
[Round "-"]
[White "GuilhermeEhlers"]
[Black "joaohumberto"]
[Result "1-0"]
[WhiteElo "1784"]
[BlackElo "1590"]

1. e4 e5 2. Bc4 d6 3. Nc3 Be6 4. Bxe6 fxe6 5. Qh5+ g6 6. Qg4 Qe7 7. d3 Nd7 8.
Bg5 Ngf6 9. Bxf6 Qxf6 10. Nb5 Kd8 11. Nf3 a6 12. Nc3 h5 13. Qg3 Bh6 14. O-O Bf4
15. Qh3 Ke7 16. g3 Bh6 17. a3 c6 18. Qh4 Kf7 19. Qxf6+ Kxf6 20. d4 g5 21. Rad1
Rhd8 22. dxe5+ dxe5 23. Rd6 g4 24. Nh4 Ke7 25. Rfd1 a5 26. Ng6+ Kf6 27. Rxd7
Rxd7 28. Rxd7 Kxg6 29. Rxb7 Ra6 30. Rd7 Kf6 31. Rh7 Kg6 32. Rd7 c5 33. Ne2 c4
34. f4 Kf6 35. fxe5+ Kxe5 36. Rc7 Kxe4 37. Rxc4+ Ke3 38. Kf1 e5 39. Rc5 Bg7 40.
Nc3 Rf6+ 41. Kg1 Rf3 42. Rxa5 Rf2 43. Nd1+ Kd2 44. Nxf2 Kxc2 45. b4 Kd2 46. b5
Ke3 47. b6 e4 48. b7 Kf3 49. b8=Q e3 50. Rf5+ Ke2 51. Qb5+ Kd2 52. Qd3+ Kc1 53.
Rc5+ Kb2 54. Rc2+ Kb1 55. Qd1# 1-0

[Event "Challenge"]
[Site "http://www.queenalice.com/game.php?id=404647"]
[Date "2008.5.18"]
[Round "-"]
[White "joaohumberto"]
[Black "GuilhermeEhlers"]
[Result "0-1"]
[WhiteElo "1634"]
[BlackElo "1763"]

1. d4 d6 2. e3 Nf6 3. Nf3 Nc6 4. Bd3 e5 5. dxe5 dxe5 6. O-O e4 7. Bxe4 Nxe4 8.
Qxd8+ Nxd8 9. Nc3 Bf5 10. Nxe4 Bxe4 11. Ng5 Bxc2 12. e4 f6 13. Nf3 Bxe4 14. Bf4
Ne6 15. Rae1 Bd5 16. a4 Bb4 17. Bd2 Bxd2 18. Rxe6+ Kf7 19. Re2 Bf4 20. Rfe1 Bxf3
21. gxf3 Rae8 22. Kf1 Bxh2 23. Rc1 Rxe2 24. Kxe2 Re8+ 25. Kf1 h5 26. Kg2 Bf4 27.
Rc4 g5 28. b4 Re2 29. Rd4 h4 30. Rd7+ Kg6 31. Rd8 Bg3 32. Rb8 Rxf2+ 33. Kg1 h3
34. Rh8 h2+ 35. Kh1 Rf1+ 36. Kg2 Rg1+ 37. Kh3 h1=Q+ 38. Kg4 f5# 0-1

[Event "Challenge"]
[Site "http://www.queenalice.com/game.php?id=409634"]
[Date "2008.5.28"]
[Round "-"]
[White "Mike36bh"]
[Black "GuilhermeEhlers"]
[Result "0-1"]
[WhiteElo "1750"]
[BlackElo "1707"]

1. d4 e6 2. e4 d6 3. Nc3 d5 4. a3 dxe4 5. Nxe4 Nc6 6. Nf3 Nf6 7. Bg5 Be7 8. Bb5
Nxe4 9. Bxe7 Qxe7 10. Bxc6+ bxc6 11. O-O c5 12. Qd3 Bb7 13. c3 cxd4 14. Qxd4 O-O
15. Nd2 Rad8 16. Qxa7 Nxd2 17. Rfe1 Nf3+ 18. gxf3 Qg5+ 19. Kf1 Bxf3 20. Re3 Qg2+
0-1

[Event "Challenge"]
[Site "http://www.queenalice.com/game.php?id=409635"]
[Date "2008.5.28"]
[Round "-"]
[White "GuilhermeEhlers"]
[Black "Mike36bh"]
[Result "1-0"]
[WhiteElo "1725"]
[BlackElo "1718"]

1. e4 e5 2. Bc4 d6 3. Nc3 a6 4. Qf3 Nf6 5. Nd5 Nxd5 6. Bxd5 Qe7 7. d3 h6 8. Ne2
Be6 9. Ng3 Bxd5 10. exd5 Qd7 11. Nf5 c6 12. O-O cxd5 13. Qxd5 Nc6 14. Qe4 d5 15.
Qf3 Nd4 16. Nxd4 exd4 17. Re1+ Be7 18. Bd2 O-O 19. Qg3 g5 20. h3 f6 21. c3 Bd6
22. Qf3 Be5 23. cxd4 Bxd4 24. Qh5 Kg7 25. Bc3 Bxc3 26. bxc3 Rac8 27. Rac1 d4 28.
cxd4 Rxc1 29. Rxc1 a5 30. d5 Rc8 31. Re1 b5 32. Qf3 Qd6 33. g3 a4 34. Re6 Qf8
35. d6 Rd8 36. Qb7+ Kg6 37. Qe4+ Kg7 38. Re7+ 1-0

[Event "Challenge"]
[Site "http://www.queenalice.com/game.php?id=412165"]
[Date "2008.6.3"]
[Round "-"]
[White "GuilhermeEhlers"]
[Black "Danilo"]
[Result "1-0"]
[WhiteElo "1741"]
[BlackElo "1757"]

1. e4 e5 2. Bc4 Nf6 3. Nc3 a6 4. Nf3 Bd6 5. d3 O-O 6. Nd5 h6 7. O-O c6 8. Nxf6+
Qxf6 9. d4 Re8 10. dxe5 Bxe5 11. h3 Bxb2 12. Bxb2 Qxb2 13. Re1 Qb4 14. Bd3 d5
15. exd5 Rxe1+ 16. Qxe1 Qxe1+ 17. Rxe1 Bd7 18. d6 c5 19. Re7 g6 20. Ne5 Be6 21.
Bxg6 fxg6 22. Rxe6 Kg7 23. Re8 Kf6 24. d7 Nxd7 25. Nxd7+ 1-0

[Event "Challenge"]
[Site "http://www.queenalice.com/game.php?id=430039"]
[Date "2008.7.8"]
[Round "-"]
[White "GuilhermeEhlers"]
[Black "MARAGATO"]
[Result "1-0"]
[WhiteElo "1774"]
[BlackElo "1100"]

1. e4 Nf6 2. Nc3 Nc6 3. Bc4 e6 4. d3 d5 5. exd5 exd5 6. Qe2+ Be7 7. Bb5 Bg4 8.
Nf3 a6 9. Bxc6+ bxc6 10. O-O O-O 11. h3 Bxf3 12. Qxf3 Bd6 13. Bg5 Qe8 14. Bxf6
Qe6 15. Bd4 Rab8 16. Rae1 Qh6 17. Qg4 c5 18. Be3 Qf6 19. Nxd5 Qxb2 20. c3 Qxc3
21. Nxc3 Rb2 22. Bh6 Rb4 23. Qxg7# 1-0

[Event "Agora vai!"]
[Site "http://www.queenalice.com/game.php?id=431948"]
[Date "2008.7.12"]
[Round "-"]
[White "manica76"]
[Black "GuilhermeEhlers"]
[Result "0-1"]
[WhiteElo "1431"]
[BlackElo "1782"]

1. e4 e5 2. Nf3 Nc6 3. Bc4 Nf6 4. d3 h6 5. Be3 Ng4 6. Nbd2 Nxe3 7. fxe3 Bc5 8.
Nf1 d6 9. Qe2 Bg4 10. Ng3 Bxf3 11. Qxf3 Qg5 12. Qxf7+ Kd8 13. Be6 Qe7 14. Nf5
Qxf7 15. Bxf7 Kd7 16. Nxg7 Rh7 17. O-O Bxe3+ 18. Kh1 Rxg7 19. Rf6 Rf8 20. Raf1
Nd8 21. Be6+ Nxe6 22. Rxf8 Nxf8 23. Rxf8 h5 24. h3 h4 25. a4 a5 26. Kh2 c5 27.
b3 b6 28. c4 Bf4+ 29. Kg1 Rg3 30. d4 exd4 31. Kf1 Be3 32. Rb8 d3 33. b4 d2 34.
Ke2 Rxg2+ 35. Kd1 Rg1+ 36. Ke2 Re1+ 37. Kf3 d1=Q+ 0-1

[Event "Challenge"]
[Site "http://www.queenalice.com/game.php?id=469665"]
[Date "2008.9.28"]
[Round "-"]
[White "lupo1"]
[Black "GuilhermeEhlers"]
[Result "1-0"]
[WhiteElo "1789"]
[BlackElo "1769"]

1. e4 e5 2. d4 Nc6 3. d5 Na5 4. Bd2 c6 5. Nf3 cxd5 6. exd5 d6 7. h3 Nf6 8. Nc3
b6 9. b4 Nb7 10. Qe2 Be7 11. g4 a5 12. Ne4 Nxd5 13. Qb5+ Qd7 14. Qxd5 axb4 15.
Bb5 Qxb5 16. Qxb5+ Bd7 17. Qxb6 Nc5 18. Nxd6+ Bxd6 19. Qxd6 Ne4 20. Qxe5+ Be6
21. Qxe4 O-O 22. Bxb4 Rfe8 23. Ne5 Ra4 24. Qc6 Raa8 25. O-O 1-0